| Tag |
First Indicator |
Second Indicator |
Subfields |
| LEADER |
00000cam a2200000 4500 |
| 001 |
in00000577604 |
| 005 |
20151014075902.0 |
| 008 |
750409s1973 eng u |
| 035 |
|
|
|a (OCoLC)01264377
|
| 035 |
|
|
|9 ACP8152AM
|
| 040 |
|
|
|c SMI
|d TXA
|d UtOrBLW
|
| 049 |
1 |
|
|a TXA2
|
| 090 |
|
|
|a GC57.2
|b .N6 no. 73-07
|
| 100 |
1 |
|
|a Campbell, Peter H.
|
| 245 |
1 |
0 |
|a Studies on brackish water phytoplankton.
|
| 264 |
|
1 |
|a Chapel Hill :
|b Sea Grant Program, School of Public Health, University of North Carolina,
|c 1973.
|
| 300 |
|
|
|a xi, 410 pages :
|b illustrations
|
| 336 |
|
|
|a text
|b txt
|2 rdacontent
|
| 337 |
|
|
|a unmediated
|b n
|2 rdamedia
|
| 338 |
|
|
|a volume
|b nc
|2 rdacarrier
|
| 490 |
1 |
|
|a UNC-SG ;
|v 73-07
|
| 500 |
|
|
|a Part 1, "The phytoplankton of Gales Creek with emphasis on the taxonomy and ecology of estuarine phytoflagellates": pages [1]-[359], is the author's thesis--University of North Carolina.
|
| 650 |
|
0 |
|a Phytoplankton.
|
| 650 |
|
0 |
|a Estuarine biology
|z North Carolina.
|
| 710 |
2 |
|
|a University of North Carolina Sea Grant Program.
|
| 830 |
|
0 |
|a Sea Grant publication (Raleigh, N.C.) ;
|v UNC-SG-73-07.
|
| 999 |
|
|
|a MARS
|
| 999 |
f |
f |
|s 7b9e47f8-c94c-3206-bb9f-be4ab02c3709
|i 8255affc-8e10-37f1-95de-068fc0776707
|t 0
|
| 952 |
f |
f |
|p ric
|a Texas A&M University
|b Rellis Campus
|c Joint Library Facility
|d Remote Storage
|t 0
|e GC57.2 .N6 no.73-07
|h Library of Congress classification
|i unmediated -- volume
|m A14810917117
|
| 998 |
f |
f |
|a GC57.2 .N6 no.73-07
|t 0
|l Remote Storage
|